[Event "Gjøvik GM Swiss"]
[Site "Gjøvik, Norway"]
[Date "2009.01.02"]
[Round "5"]
[White "Svensen, Tarjei J."]
[Black "Hobber, Anders"]
[Result "1/2-1/2"]
[WhiteElo "2128"]
[BlackElo "1987"]
[PlyCount "44"]
[EventDate "2008.12.29"]
[SourceDate "2008.12.29"]

1. d4 e6 2. c4 d5 3. Nc3 Be7 4. Nf3 c6 5. e3 Nf6 6. Qc2 Nbd7 7. g4 dxc4 8. Bxc4
b5 9. Bd3 a6 10. e4 Nb6 11. g5 Nfd7 12. Bf4 Bb7 13. O-O-O Bb4 14. Kb1 Qe7 15.
Rc1 Rc8 16. a3 Bxc3 17. Qxc3 Na4 18. Qd2 c5 19. d5 e5 20. Be3 c4 21. Qc2 O-O
22. Be2 Ndc5 1/2-1/2

[Event "Gjøvik GM Swiss"]
[Site "Gjøvik, Norway"]
[Date "2009.01.02"]
[Round "5"]
[White "Tsiolakidis, Anastasios"]
[Black "Bjerke, Richard"]
[Result "1-0"]
[WhiteElo "2348"]
[BlackElo "2179"]
[PlyCount "70"]
[EventDate "2008.12.29"]
[SourceDate "2008.12.29"]

1. e4 d6 2. d4 Nf6 3. Bd3 e5 4. d5 c6 5. c4 a6 6. Nc3 g6 7. Nf3 Bg7 8. O-O O-O
9. b4 cxd5 10. cxd5 h6 11. a4 a5 12. bxa5 Na6 13. Nd2 Qxa5 14. Nb5 Qd8 15. Nc4
Nxd5 16. exd5 e4 17. Bxe4 Bxa1 18. Bxh6 Bg7 19. Bxg7 Kxg7 20. Qd4+ Qf6 21.
Qxf6+ Kxf6 22. Nb6 Nc5 23. Nxa8 Bd7 24. Nxd6 Rxa8 25. Bc2 Ra6 26. Nc4 Bxa4 27.
Bxa4 Rxa4 28. Ne3 Rd4 29. Rb1 Ke7 30. g4 Rf4 31. Kg2 Kd6 32. Kg3 Ke5 33. f3 Ra4
34. Rd1 b5 35. d6 Rd4 1-0

[Event "Gjøvik GM Swiss"]
[Site "Gjøvik, Norway"]
[Date "2009.01.02"]
[Round "5"]
[White "Haugstad, Espen"]
[Black "Nyland, Thomas"]
[Result "0-1"]
[WhiteElo "2091"]
[BlackElo "2140"]
[PlyCount "76"]
[EventDate "2008.12.29"]
[SourceDate "2008.12.29"]

1. e4 e5 2. Nf3 Nc6 3. Bb5 Nf6 4. O-O Nxe4 5. d4 Nd6 6. Bxc6 dxc6 7. dxe5 Nf5
8. Qxd8+ Kxd8 9. Nc3 Ke8 10. h3 Be7 11. Bg5 Bxg5 12. Nxg5 h6 13. Nf3 h5 14.
Rad1 Be6 15. Rd2 Rd8 16. Rfd1 Ke7 17. Ng5 Rxd2 18. Rxd2 h4 19. Kf1 Bc4+ 20. Ne2
c5 21. b3 Rh5 22. Nf3 Bxe2+ 23. Kxe2 Nd4+ 24. Nxd4 cxd4 25. Rxd4 Rxe5+ 26. Kf3
Rf5+ 27. Ke3 g5 28. Rb4 b5 29. a4 c6 30. axb5 cxb5 31. Re4+ Kd6 32. b4 Rd5 33.
g3 f5 34. Rd4 Rxd4 35. Kxd4 g4 36. Ke3 gxh3 37. Kf3 Ke6 38. gxh4 f4 0-1

[Event "Gjøvik GM Swiss"]
[Site "Gjøvik, Norway"]
[Date "2009.01.02"]
[Round "5"]
[White "Tofte, Sondre Waage"]
[Black "Skrondal, Inge Sandstad"]
[Result "1/2-1/2"]
[WhiteElo "2120"]
[BlackElo "2216"]
[PlyCount "64"]
[EventDate "2008.12.29"]
[SourceDate "2008.12.29"]

1. e4 c5 2. Nf3 g6 3. d4 cxd4 4. Nxd4 Nc6 5. c4 Bg7 6. Be3 Nf6 7. Nc3 Ng4 8.
Qxg4 Nxd4 9. Qd1 Ne6 10. Qd2 Qa5 11. Be2 b6 12. O-O Bb7 13. Bg4 Rc8 14. Rad1 d6
15. Bxe6 fxe6 16. Bd4 e5 17. Be3 Rxc4 18. h4 b5 19. Bg5 h6 20. Bxe7 Rd4 21. Qe2
Kxe7 22. Rxd4 exd4 23. Nd5+ Kd8 24. Rc1 Bxd5 25. exd5 Re8 26. Rc8+ Kxc8 27.
Qxe8+ Qd8 28. Qc6+ Qc7 29. Qe8+ Qd8 30. Qc6+ Qc7 31. Qe8+ Qd8 32. Qc6+ Qc7
1/2-1/2

[Event "Gjøvik GM Swiss"]
[Site "Gjøvik, Norway"]
[Date "2009.01.02"]
[Round "5"]
[White "Bryn, Thomas"]
[Black "Carlsen, Ellen Øen"]
[Result "1/2-1/2"]
[WhiteElo "2025"]
[BlackElo "1888"]
[PlyCount "77"]
[EventDate "2008.12.29"]
[SourceDate "2008.12.29"]

1. d4 Nf6 2. Nf3 e6 3. c4 b6 4. e3 d5 5. Nbd2 Bb7 6. b3 c5 7. Bb2 Nc6 8. Bd3
Be7 9. O-O O-O 10. Qe2 Rc8 11. Rad1 cxd4 12. exd4 Qc7 13. Ne5 dxc4 14. bxc4
Rfd8 15. Ndf3 h6 16. Rfe1 Bb4 17. Rf1 Qe7 18. Bc2 Na5 19. c5 Nc6 20. Nxc6 Bxc6
21. cxb6 axb6 22. Ne5 Bd5 23. Bb1 Qb7 24. f3 Rc7 25. Rc1 Rdc8 26. Qd3 b5 27.
Rxc7 Rxc7 28. Rc1 Rxc1+ 29. Bxc1 Qc7 30. Bd2 Bxd2 31. Qxd2 Bc4 32. Qb4 Bxa2 33.
Bxa2 Qc1+ 34. Kf2 Qc2+ 35. Kf1 Qxa2 36. Qxb5 Qa1+ 37. Ke2 Qa2+ 38. Kf1 Qa1+ 39.
Ke2 1/2-1/2

[Event "Gjøvik GM Swiss"]
[Site "Gjøvik, Norway"]
[Date "2009.01.02"]
[Round "5"]
[White "Flermoen, Peter"]
[Black "Sofrigin, Alexej"]
[Result "0-1"]
[WhiteElo "1977"]
[BlackElo "2252"]
[PlyCount "82"]
[EventDate "2008.12.29"]
[SourceDate "2008.12.29"]

1. Nf3 c5 2. c4 Nf6 3. Nc3 d5 4. cxd5 Nxd5 5. e4 Nb4 6. a3 Nd3+ 7. Bxd3 Qxd3 8.
Qe2 Qxe2+ 9. Kxe2 Bg4 10. d3 Nc6 11. Be3 e6 12. Rac1 Rc8 13. h3 Bxf3+ 14. gxf3
Be7 15. f4 O-O 16. Na2 b6 17. Rc3 Bf6 18. e5 Be7 19. Rhc1 Rcd8 20. Rc4 f6 21.
Re4 Nd4+ 22. Bxd4 Rxd4 23. Rxd4 cxd4 24. Rc7 Bd8 25. Rxa7 fxe5 26. fxe5 Bh4 27.
f3 Rf5 28. Ra4 Rxe5+ 29. Kd2 Bg5+ 30. Kc2 Re2+ 31. Kb3 e5 32. Rb4 Bd8 33. Kc4
Kf7 34. Rb5 Ke6 35. a4 Rc2+ 36. Kb3 Rh2 37. Kc4 Rxh3 38. Nb4 Rh2 39. b3 h5 40.
Rd5 Bc7 41. Kb5 Rb2 0-1

[Event "Gjøvik GM Swiss"]
[Site "Gjøvik, Norway"]
[Date "2009.01.02"]
[Round "5"]
[White "Stray, Gunnar"]
[Black "Skvortsov, Mikhail S"]
[Result "1-0"]
[WhiteElo "2124"]
[BlackElo "2335"]
[PlyCount "59"]
[EventDate "2008.12.29"]
[SourceDate "2008.12.29"]

1. d4 Nf6 2. Nf3 d5 3. e3 e6 4. Bd3 c5 5. b3 Nc6 6. Bb2 Be7 7. Nbd2 O-O 8. a3
b6 9. O-O Bb7 10. Qe2 cxd4 11. exd4 Bd6 12. Ne5 Qc7 13. f4 Ne7 14. g4 Rac8 15.
Rac1 Bxe5 16. fxe5 Ne8 17. Rf3 Ng6 18. Rcf1 Qe7 19. Qf2 Nc7 20. Rh3 Ba6 21. c4
b5 22. c5 b4 23. Bxa6 Nxa6 24. Qe2 Nxc5 25. dxc5 Qxc5+ 26. Qf2 Qc2 27. Qd4 bxa3
28. Bxa3 Rfd8 29. Rhf3 Rd7 30. Rc1 1-0

[Event "Gjøvik GM Swiss"]
[Site "Gjøvik, Norway"]
[Date "2009.01.02"]
[Round "5"]
[White "Gullaksen, Eirik T."]
[Black "Tiviakov, Sergei"]
[Result "0-1"]
[WhiteElo "2400"]
[BlackElo "2686"]
[PlyCount "66"]
[EventDate "2008.12.29"]
[SourceDate "2008.12.29"]

1. e4 c5 2. Nf3 d6 3. Bb5+ Nd7 4. c4 Ngf6 5. Nc3 g6 6. O-O Bg7 7. d3 O-O 8. Ne1
Nb6 9. Na4 Nfd7 10. Rb1 a6 11. Bxd7 Nxd7 12. b3 b5 13. Nb2 f5 14. f3 Ne5 15.
Nc2 Bd7 16. Be3 fxe4 17. dxe4 Be6 18. f4 Nc6 19. Qd2 Qa5 20. Qxa5 Nxa5 21. Bd2
Nc6 22. Ne3 Rab8 23. Nd3 Bd4 24. cxb5 axb5 25. Rbc1 Ra8 26. Rc2 c4 27. Nc1 Nb4
28. Bxb4 Bxe3+ 29. Kh1 Rxf4 30. Rxf4 Bxf4 31. bxc4 Bxc4 32. Bd2 Rf8 33. Bc3 Be3
0-1

[Event "Gjøvik GM Swiss"]
[Site "Gjøvik, Norway"]
[Date "2009.01.02"]
[Round "5"]
[White "Stokke, Kjetil"]
[Black "Mchedlishvili, Mikheil"]
[Result "1/2-1/2"]
[WhiteElo "2334"]
[BlackElo "2615"]
[PlyCount "88"]
[EventDate "2008.12.29"]
[SourceDate "2008.12.29"]

1. Nf3 d5 2. d4 Nf6 3. c4 c6 4. e3 a6 5. Nc3 e6 6. Bd2 c5 7. cxd5 exd5 8. Rc1
Nc6 9. Be2 Bd6 10. dxc5 Bxc5 11. Nd4 Ne5 12. Nf3 Ng6 13. Nb5 Ne4 14. b4 Bb6 15.
Nbd4 O-O 16. O-O Qd6 17. b5 a5 18. Bc3 f5 19. Bd3 Bd7 20. Ba1 Rae8 21. Qb3 f4
22. Bxe4 Rxe4 23. Nd2 Re5 24. e4 Rh5 25. N4f3 Qb4 26. e5 Qxb3 27. Nxb3 Bxb5 28.
Rfe1 a4 29. Nc5 Ba5 30. Red1 Bc4 31. Nxb7 Bb4 32. Rc2 Nh4 33. Nxh4 Rxh4 34. Nd6
Bxd6 35. exd6 Rd8 36. Be5 Kf7 37. Rd4 g5 38. g3 fxg3 39. Rxh4 gxh4 40. hxg3
hxg3 41. fxg3 Ke6 42. Bf4 Rb8 43. Kf2 Kd7 44. Ke3 Kc6 1/2-1/2

[Event "Gjøvik GM Swiss"]
[Site "Gjøvik, Norway"]
[Date "2009.01.02"]
[Round "5"]
[White "Bartel, Mateusz"]
[Black "Zozulia, Anna"]
[Result "1-0"]
[WhiteElo "2602"]
[BlackElo "2380"]
[PlyCount "43"]
[EventDate "2008.12.29"]
[SourceDate "2008.12.29"]

1. d4 Nf6 2. c4 d6 3. Nc3 g6 4. Nf3 Bg7 5. e4 O-O 6. Be2 Bg4 7. Be3 Nfd7 8. d5
c6 9. Nd4 Bxe2 10. Qxe2 cxd5 11. cxd5 a5 12. h4 h5 13. g4 Nf6 14. gxh5 Nxh5 15.
Rg1 Bxd4 16. Bxd4 Nf4 17. Qd2 e5 18. dxe6 fxe6 19. Be3 Qxh4 20. O-O-O Kg7 21.
f3 e5 22. Rg4 1-0

[Event "Gjøvik GM Swiss"]
[Site "Gjøvik, Norway"]
[Date "2009.01.02"]
[Round "5"]
[White "Kveinys, Aloyzas"]
[Black "Kovachev, Daniel Jakobsen"]
[Result "1-0"]
[WhiteElo "2533"]
[BlackElo "2227"]
[PlyCount "53"]
[EventDate "2008.12.29"]
[SourceDate "2008.12.29"]

1. d4 Nf6 2. c4 e6 3. Nc3 Bb4 4. Qc2 c5 5. dxc5 O-O 6. a3 Bxc5 7. Nf3 b6 8. Bf4
Bb7 9. Rd1 Nh5 10. Ng5 g6 11. Bc1 d5 12. Nf3 Qc8 13. cxd5 exd5 14. e3 d4 15.
Nxd4 Nf6 16. b4 Be7 17. Bb2 Qg4 18. h3 Qh5 19. Be2 Qg5 20. Nf3 Qh6 21. O-O a5
22. Nb5 axb4 23. axb4 Rc8 24. Qb3 Nbd7 25. Nd6 Bxd6 26. Rxd6 Rc6 27. Rfd1 1-0

[Event "Gjøvik GM Swiss"]
[Site "Gjøvik, Norway"]
[Date "2009.01.02"]
[Round "5"]
[White "Korneev, Oleg"]
[Black "Mamedjarova, Turkan"]
[Result "1-0"]
[WhiteElo "2623"]
[BlackElo "2269"]
[PlyCount "49"]
[EventDate "2008.12.29"]
[SourceDate "2008.12.29"]

1. e4 e5 2. Nf3 Nf6 3. d4 Nxe4 4. Bd3 d5 5. dxe5 Be7 6. O-O O-O 7. Nc3 Nxc3 8.
bxc3 c5 9. c4 d4 10. Qe2 f5 11. exf6 Bxf6 12. Qe4 g6 13. Bh6 Re8 14. Qf4 Nc6
15. Rfe1 Be6 16. h4 Nb4 17. Bg5 Nxd3 18. cxd3 Kg7 19. h5 gxh5 20. Re5 Bf7 21.
Rxc5 Re6 22. Rd5 Qe7 23. Nxd4 Re1+ 24. Kh2 Bxd5 25. Rxe1 1-0

[Event "Gjøvik GM Swiss"]
[Site "Gjøvik, Norway"]
[Date "2009.01.02"]
[Round "5"]
[White "Prakken, Gerrit"]
[Black "Kaplan, Sasha"]
[Result "0-1"]
[WhiteElo "2206"]
[BlackElo "2425"]
[PlyCount "66"]
[EventDate "2008.12.29"]
[SourceDate "2008.12.29"]

1. d4 Nf6 2. c4 c5 3. d5 e6 4. Nc3 exd5 5. cxd5 d6 6. Nf3 g6 7. Qa4+ Nbd7 8.
Bf4 a6 9. e4 Be7 10. h3 O-O 11. Bd3 b5 12. Qd1 c4 13. Bc2 b4 14. Na4 Nb6 15.
Nxb6 Qxb6 16. O-O Bd7 17. Be3 Qc7 18. Nd4 a5 19. f4 a4 20. Qf3 b3 21. axb3 axb3
22. Rxa8 Rxa8 23. Bb1 c3 24. bxc3 Qxc3 25. Rc1 Qb2 26. Qd1 Ba4 27. Nc6 Bf8 28.
Bd4 Qa3 29. Bxf6 b2 30. Rc2 Qe3+ 31. Kh1 Bxc2 32. Qxc2 Qc1+ 33. Kh2 Qxf4+ 0-1

[Event "Gjøvik GM Swiss"]
[Site "Gjøvik, Norway"]
[Date "2009.01.02"]
[Round "5"]
[White "Elsness, Frode"]
[Black "Przezdziecka, Marta"]
[Result "1-0"]
[WhiteElo "2440"]
[BlackElo "2327"]
[PlyCount "106"]
[EventDate "2008.12.29"]
[SourceDate "2008.12.29"]

1. d4 Nf6 2. c4 e6 3. Nf3 Bb4+ 4. Nbd2 c5 5. dxc5 Bxc5 6. e3 O-O 7. a3 Be7 8.
Bd3 b6 9. O-O Bb7 10. Qe2 d6 11. Rd1 Nbd7 12. b3 Nc5 13. Bc2 Qc7 14. Bb2 Rac8
15. Rac1 Rfd8 16. e4 Qb8 17. Nd4 Qa8 18. Re1 Bf8 19. f4 d5 20. exd5 exd5 21.
Nf5 Re8 22. Qf3 dxc4 23. Qg3 Nh5 24. Nh6+ Kh8 25. Nxf7+ Kg8 26. Nh6+ Kh8 27.
Qg5 Nd3 28. Nf7+ Kg8 29. Nh6+ Kh8 30. Bd4 Rxe1+ 31. Rxe1 Nxe1 32. Nf7+ Kg8 33.
Nh6+ Kh8 34. Nf7+ Kg8 35. Bxh7+ Kxf7 36. Qxh5+ Ke7 37. Qg5+ Kd7 38. Bf5+ Ke8
39. Bg6+ Kd7 40. Bf5+ Ke8 41. Qg6+ Kd8 42. Qf7 Be7 43. Qg8+ Kc7 44. Be5+ Kc6
45. Qe6+ Kb5 46. Qxe7 a5 47. Nxc4 Ka6 48. Bd4 Rxc4 49. bxc4 Nxg2 50. Qc7 Qa7
51. c5 Ne1 52. cxb6 Nf3+ 53. Kf2 a4 1-0

[Event "Gjøvik GM Swiss"]
[Site "Gjøvik, Norway"]
[Date "2009.01.02"]
[Round "5"]
[White "Sørgjerd, Jan"]
[Black "Makka, Ioulia"]
[Result "1/2-1/2"]
[WhiteElo "2123"]
[BlackElo "2220"]
[PlyCount "59"]
[EventDate "2008.12.29"]
[SourceDate "2008.12.29"]

1. d4 d5 2. Nf3 Nf6 3. c4 c6 4. Nc3 a6 5. a4 e6 6. e3 Nbd7 7. Qc2 c5 8. Bd3
cxd4 9. exd4 dxc4 10. Bxc4 Nb6 11. Bb3 Nbd5 12. O-O Be7 13. Rd1 O-O 14. Ne5 Qd6
15. Ne4 Nxe4 16. Qxe4 b6 17. Nc4 Qc7 18. Qe5 Ra7 19. Ne3 Nf6 20. Qxc7 Rxc7 21.
d5 exd5 22. Bxd5 Rd8 23. Bf3 h6 24. Rxd8+ Bxd8 25. Bd2 Be7 26. Bc3 Be6 27. Bd4
b5 28. axb5 axb5 29. h3 b4 30. g4 1/2-1/2

[Event "Gjøvik GM Swiss"]
[Site "Gjøvik, Norway"]
[Date "2009.01.02"]
[Round "5"]
[White "Toma, Katarzyna"]
[Black "Arvola, Benjamin"]
[Result "1-0"]
[WhiteElo "2230"]
[BlackElo "2096"]
[PlyCount "65"]
[EventDate "2008.12.29"]
[SourceDate "2008.12.29"]

1. e4 c5 2. Nf3 d6 3. d4 cxd4 4. Nxd4 Nf6 5. Nc3 a6 6. f4 e5 7. Nf3 Nbd7 8. Bc4
Be7 9. a4 O-O 10. O-O exf4 11. Bxf4 Nc5 12. Qe1 Be6 13. Bd3 Rc8 14. Kh1 Qb6 15.
Rb1 Qc6 16. Nd4 Qd7 17. Ra1 Bg4 18. Bg5 Bh5 19. Nf5 Bd8 20. Qh4 Bg6 21. Nxg7
Nfxe4 22. Nxe4 Nxe4 23. Bxe4 Bxg5 24. Qxg5 Kxg7 25. Qf6+ Kg8 26. Bf5 Bxf5 27.
Rxf5 Rc5 28. Rf3 Re8 29. Rg3+ Kf8 30. Qh8+ Ke7 31. Re1+ Kd8 32. Rxe8+ Qxe8 33.
Rg8 1-0

[Event "Gjøvik GM Swiss"]
[Site "Gjøvik, Norway"]
[Date "2009.01.03"]
[Round "5"]
[White "Devereaux, Maxim"]
[Black "Dolzhikova, Olga"]
[Result "1/2-1/2"]
[WhiteElo "2415"]
[BlackElo "2291"]
[PlyCount "51"]
[EventDate "2008.12.29"]
[SourceDate "2008.12.29"]

1. d4 Nf6 2. Bg5 e6 3. e4 h6 4. Bxf6 Qxf6 5. Nc3 d6 6. Qd2 g5 7. O-O-O Bg7 8.
e5 dxe5 9. dxe5 Qe7 10. f4 Nc6 11. Nf3 Bd7 12. Kb1 O-O-O 13. Qe3 Kb8 14. a3
gxf4 15. Qxf4 f6 16. exf6 Bxf6 17. Ne4 Bg7 18. Bd3 Rhf8 19. Qh4 Qxh4 20. Nxh4
Ne5 21. Nc5 Bc8 22. Ng6 Nxg6 23. Bxg6 b6 24. Rxd8 Rxd8 25. Nd3 Bb7 26. Re1
1/2-1/2

[Event "Gjøvik GM Swiss"]
[Site "Gjøvik, Norway"]
[Date "2009.01.02"]
[Round "5"]
[White "Umudova, Nargiz"]
[Black "Strand, Kjetil"]
[Result "1-0"]
[WhiteElo "2219"]
[BlackElo "2057"]
[PlyCount "95"]
[EventDate "2008.12.29"]
[SourceDate "2008.12.29"]

1. e4 e5 2. Nf3 Nc6 3. Bb5 a6 4. Ba4 Nf6 5. O-O Be7 6. Re1 b5 7. Bb3 d6 8. c3
O-O 9. h3 Na5 10. Bc2 c5 11. d4 Qc7 12. d5 Nc4 13. a4 Bd7 14. b3 Na5 15. axb5
axb5 16. Nbd2 g6 17. Nf1 Nh5 18. Bh6 Rfc8 19. g4 Ng7 20. Ng3 Nb7 21. Qd2 Qd8
22. Kh2 Kh8 23. Kg2 Rxa1 24. Rxa1 Ra8 25. Rh1 Ra2 26. h4 Bxg4 27. Ng5 Bxg5 28.
hxg5 Na5 29. Rh4 Nxb3 30. Qe3 Rxc2 31. Rxg4 b4 32. cxb4 Nd4 33. bxc5 Rxc5 34.
Rh4 Rc2 35. Rh1 f6 36. Bxg7+ Kxg7 37. gxf6+ Qxf6 38. Qh6+ Kf7 39. Qxh7+ Qg7 40.
Qh3 Kg8 41. Qh4 Rc8 42. Rh3 Rf8 43. Nh5 Qf7 44. Nf6+ Kg7 45. Ng4 Qg8 46. Nh6
Rf4 47. Qe7+ Rf7 48. Nxf7 1-0

[Event "Gjøvik GM Swiss"]
[Site "Gjøvik, Norway"]
[Date "2009.01.02"]
[Round "5"]
[White "Lohou, Stephane"]
[Black "Tjølsen, Katrine"]
[Result "1/2-1/2"]
[WhiteElo "2132"]
[BlackElo "2110"]
[PlyCount "84"]
[EventDate "2008.12.29"]
[SourceDate "2008.12.29"]

1. e4 c5 2. Nf3 Nc6 3. d4 cxd4 4. Nxd4 Nf6 5. Nc3 e5 6. Ndb5 d6 7. Nd5 Nxd5 8.
exd5 Nb8 9. c4 Be7 10. Bd3 a6 11. Nc3 O-O 12. O-O f5 13. f4 Nd7 14. Kh1 g6 15.
Be3 Bf6 16. Qd2 a5 17. fxe5 Bxe5 18. Bg5 Bf6 19. Bxf6 Qxf6 20. Ne4 Qe7 21. Ng5
Nc5 22. Rae1 Qf6 23. Bb1 Bd7 24. Rf2 Rfe8 25. Rfe2 Rxe2 26. Rxe2 b6 27. Nf3 Re8
28. Rxe8+ Bxe8 29. Nd4 Bd7 30. Kg1 Kf7 31. b3 Qh4 32. Nf3 Qe7 33. Nd4 Qe5 34.
h3 h6 35. Bc2 Qf6 36. Qf2 Qg5 37. h4 Qg4 38. a3 Ne4 39. Bxe4 Qxe4 40. Kh2 Qe5+
41. Kg1 Qe4 42. Kh2 Qe5+ 1/2-1/2

[Event "Gjøvik GM Swiss"]
[Site "Gjøvik, Norway"]
[Date "2009.01.02"]
[Round "5"]
[White "Blikra Vea, Odin"]
[Black "Nilsen, Joachim B"]
[Result "1/2-1/2"]
[WhiteElo "2169"]
[BlackElo "2184"]
[PlyCount "120"]
[EventDate "2008.12.29"]
[SourceDate "2008.12.29"]

1. e4 c5 2. Nc3 a6 3. a4 Nc6 4. f4 g6 5. Nf3 Bg7 6. Bc4 e6 7. f5 Nge7 8. fxe6
dxe6 9. d3 O-O 10. O-O Nd4 11. Bg5 Qd7 12. Qd2 Nec6 13. Bh6 f6 14. Bxg7 Qxg7
15. Nxd4 cxd4 16. Ne2 Kh8 17. Nf4 e5 18. Nd5 Be6 19. b4 Bxd5 20. Bxd5 Qd7 21.
b5 Ne7 22. Bc4 a5 23. b6 Nc6 24. Rfb1 Qd6 25. Rb5 Nb4 26. Rb1 Rfc8 27. Rb2 Kg7
28. Bd5 Qe7 29. Bc4 Qd6 30. h3 Rc6 31. R2xb4 axb4 32. Rd5 Qe7 33. Bb5 Kh8 34.
a5 Rxa5 35. Bxc6 Ra1+ 36. Kh2 bxc6 37. b7 Qxb7 38. Qh6 Ra8 39. Rd6 Qg7 40. Qh4
Rf8 41. Rxc6 Qe7 42. Qe1 Qb7 43. Rc4 Rb8 44. Qh4 Kg7 45. Qg4 Qe7 46. Rc6 h5 47.
Qd1 Qb7 48. Rc4 Rc8 49. Rxc8 Qxc8 50. Qb1 Qc3 51. Qa2 h4 52. Qe6 Qxc2 53. Qe7+
Kh6 54. Qxf6 b3 55. Qh8+ Kg5 56. Qxe5+ Kh6 57. Qf4+ Kg7 58. e5 Qxd3 59. Qf6+
Kg8 60. Qd8+ Kg7 1/2-1/2

[Event "Gjøvik GM Swiss"]
[Site "Gjøvik, Norway"]
[Date "2009.01.02"]
[Round "5"]
[White "Gyldenås, Ole-Jørn"]
[Black "Gandrud, Vegar Koi"]
[Result "0-1"]
[WhiteElo "2075"]
[BlackElo "2023"]
[PlyCount "80"]
[EventDate "2008.12.29"]
[SourceDate "2008.12.29"]

1. Nf3 d5 2. b3 c5 3. Bb2 e6 4. g3 Nf6 5. Bg2 Be7 6. O-O O-O 7. d3 Nc6 8. Nbd2
Qc7 9. c4 d4 10. Qc2 e5 11. Rae1 Bf5 12. Ng5 Qd7 13. Nge4 Nxe4 14. Nxe4 Bh3 15.
Ba3 Bxg2 16. Kxg2 b6 17. Nd2 f5 18. Nf3 Qe6 19. e4 f4 20. h3 Rf7 21. g4 a5 22.
Rb1 Rf6 23. Rh1 h5 24. gxh5 Rh6 25. Kf1 Rxh5 26. h4 Kf7 27. Ke2 Rah8 28. Rbg1
g5 29. Qd1 g4 30. Ng5+ Bxg5 31. hxg5 f3+ 32. Kd2 Qg6 33. Bc1 Nb4 34. Rxh5 Qxh5
35. Ke1 Nxa2 36. Bd2 Qh2 37. Rf1 Qg2 38. g6+ Kxg6 39. Bc1 Qxf1+ 40. Kxf1 Rh1#
0-1

[Event "Gjøvik GM Swiss"]
[Site "Gjøvik, Norway"]
[Date "2009.01.02"]
[Round "5"]
[White "Demac, Elias"]
[Black "Mamedjarova, Zeinab"]
[Result "0-1"]
[WhiteElo "1993"]
[BlackElo "2351"]
[PlyCount "76"]
[EventDate "2008.12.29"]
[SourceDate "2008.12.29"]

1. d4 f5 2. Nc3 g6 3. h4 Nf6 4. h5 Rg8 5. hxg6 hxg6 6. Bg5 d5 7. e3 Nc6 8. Nf3
Ne4 9. Nxe4 fxe4 10. Nd2 Be6 11. Nb3 b6 12. a3 Qd7 13. Ba6 Nd8 14. a4 Bg4 15.
Qd2 Ne6 16. Bh4 Rh8 17. Rh2 Bg7 18. c4 Qd6 19. Rh1 dxc4 20. Bb7 Rb8 21. Bxe4
cxb3 22. Bxg6+ Kd8 23. f3 Nf8 24. Be4 Bd7 25. Kf2 Be5 26. Qc3 Rxh4 27. dxe5 Qh6
28. Rac1 c5 29. Rxh4 Qxh4+ 30. Kg1 Be6 31. Qd3+ Ke8 32. Bg6+ Nxg6 33. Qxg6+ Bf7
34. Qc6+ Kf8 35. e6 Bg6 36. Qc7 Re8 37. Qxa7 Qg5 38. Rc3 Rd8 0-1

[Event "Gjøvik GM Swiss"]
[Site "Gjøvik, Norway"]
[Date "2009.01.02"]
[Round "5"]
[White "Torgersen, Terje"]
[Black "Stenersen, Gudmund"]
[Result "1-0"]
[WhiteElo "2051"]
[BlackElo "2189"]
[PlyCount "64"]
[EventDate "2008.12.29"]
[SourceDate "2008.12.29"]

1. d4 d5 2. c4 c6 3. Nf3 e6 4. Nc3 f5 5. h3 Nf6 6. g4 dxc4 7. e4 Nxe4 8. Bxc4
Bb4 9. Qb3 Qd6 10. gxf5 O-O 11. fxe6 Kh8 12. Ne5 b5 13. Bxb5 cxb5 14. Nf7+ Rxf7
15. exf7 Bb7 16. Rg1 Nc6 17. Be3 Nxd4 18. Qd1 Nxc3 19. Qxd4 Nd5+ 20. Ke2 Qf6
21. Rg4 Qxf7 22. Rag1 Bf8 23. Bh6 Qe6+ 24. Be3 Nxe3 25. fxe3 Qf7 26. Rf4 Qc7
27. Rd1 b4 28. Qd7 Ba6+ 29. Kf2 Qc2+ 30. Rd2 Qc1 31. Kg2 Bb7+ 32. e4 Bc5 1-0

[Event "Gjøvik GM Swiss"]
[Site "Gjøvik, Norway"]
[Date "2009.01.02"]
[Round "5"]
[White "Hagen, Anders G."]
[Black "Isgandarova, Khayala"]
[Result "0-1"]
[WhiteElo "2110"]
[BlackElo "2206"]
[PlyCount "56"]
[EventDate "2008.12.29"]
[SourceDate "2008.12.29"]

1. d4 Nf6 2. c4 g6 3. Nc3 Bg7 4. e4 d6 5. f3 O-O 6. Bg5 Nc6 7. Qd2 a6 8. Nge2
Rb8 9. Rc1 Bd7 10. d5 Na5 11. Nd4 c5 12. Nc2 b5 13. b3 bxc4 14. bxc4 Re8 15.
Bd3 Rb2 16. O-O Qc7 17. Rb1 Reb8 18. Rxb2 Rxb2 19. Rb1 Nxe4 20. fxe4 Bxc3 21.
Qxc3 Rxb1+ 22. Ne1 Rd1 23. Bxe7 Qb6 24. a3 Nb3 25. Bc2 Rc1 26. Qe3 Nd4 27. Bf6
Qa5 28. Kf2 Qxe1+ 0-1

[Event "Gjøvik GM Swiss"]
[Site "Gjøvik, Norway"]
[Date "2009.01.02"]
[Round "5"]
[White "Abasov, Nijat Azad"]
[Black "Nielsen, Jørgen G."]
[Result "1-0"]
[WhiteElo "2363"]
[BlackElo "2184"]
[PlyCount "63"]
[EventDate "2008.12.29"]
[SourceDate "2008.12.29"]

1. c4 Nf6 2. Nc3 e6 3. e4 d5 4. e5 Nfd7 5. cxd5 Nxe5 6. d4 Ng6 7. dxe6 Bxe6 8.
d5 Bf5 9. Be3 Bd6 10. Nf3 O-O 11. Nd4 Bd7 12. Qb3 Bc8 13. g3 Nd7 14. Ne4 Nc5
15. Nxc5 Bxc5 16. Bg2 Qf6 17. Qc3 Bb6 18. O-O Bd7 19. Rac1 Rac8 20. Nb3 Qxc3
21. Rxc3 Bxe3 22. fxe3 Ne5 23. Rfc1 c6 24. Nc5 cxd5 25. Nxd7 Rxc3 26. Rxc3 Nxd7
27. Bxd5 Nf6 28. Bb3 Ne8 29. e4 g6 30. e5 Kg7 31. Rd3 Nc7 32. Rd7 1-0

[Event "Gjøvik GM Swiss"]
[Site "Gjøvik, Norway"]
[Date "2009.01.02"]
[Round "5"]
[White "Agdestein, Emil Døving"]
[Black "Kvisla, Johannes"]
[Result "0-1"]
[WhiteElo "2145"]
[BlackElo "2221"]
[PlyCount "192"]
[EventDate "2008.12.29"]
[SourceDate "2008.12.29"]

1. e4 c5 2. Nf3 a6 3. c3 d6 4. d3 g6 5. Be2 Bg7 6. O-O e5 7. Bg5 Ne7 8. Qd2 h6
9. Bxe7 Qxe7 10. Na3 O-O 11. Nc4 Nd7 12. Ne3 Nf6 13. Ne1 Be6 14. c4 Nh7 15. Nd5
Bxd5 16. cxd5 f5 17. g3 f4 18. Bg4 h5 19. Be6+ Kh8 20. Nf3 Bh6 21. g4 hxg4 22.
Bxg4 Kg7 23. Kh1 Ng5 24. Nxg5 Bxg5 25. f3 Rh8 26. Kg2 Kf6 27. Rh1 Rh6 28. h3
Kg7 29. Rac1 Rhh8 30. b4 b6 31. Qc3 Bh4 32. Rb1 Rhb8 33. Qc2 Qa7 34. Qc3 Rb7
35. Rb2 Rc7 36. Rc1 Rb8 37. Rbc2 Rbb7 38. Qb2 Kh6 39. Qb3 a5 40. b5 a4 41. Qc3
a3 42. Qc4 Qa8 43. Qb3 Ra7 44. Rc4 Ra5 45. Rb1 Rca7 46. Qc2 Ra4 47. Qc3 R7a5
48. Rb3 Rxc4 49. dxc4 Ra4 50. Kf1 Qa5 51. Qxa5 Rxa5 52. Ke2 Ra4 53. Kd3 Bf2 54.
Rb1 Kg5 55. Rf1 Bd4 56. h4+ Kxh4 57. Rh1+ Kg5 58. Rh7 Rb4 59. Rb7 Rb2 60. Rxb6
Rxa2 61. Ra6 Ra1 62. b6 Rb1 63. Rxa3 Rxb6 64. Ra7 Bf2 65. Rc7 Be1 66. Rc6 Rb2
67. Rc7 Rd2+ 68. Kc3 Rxd5+ 69. Kb3 Rd1 70. Rg7 Kf6 71. Rd7 Rb1+ 72. Kc2 Rb6 73.
Kd1 Bb4 74. Kc2 Ra6 75. Kd1 Kg5 76. Kc2 Kf6 77. Kb2 Bd2 78. Kc2 Be3 79. Kb1 Bd4
80. Kc2 Kg5 81. Rh7 Ra4 82. Be6 Ra3 83. Rh3 Kf6 84. Bg4 Rc3+ 85. Kd1 Rxc4 86.
Rh7 Rb4 87. Rc7 c4 88. Kc1 Bc5 89. Kc2 Ra4 90. Rc6 Ra3 91. Rc7 Kg5 92. Rc8 Kh4
93. Rc7 Kg3 94. Rc8 Kf2 95. Rc7 Ke3 96. Rc6 Kd4 0-1